| 000 | 00472cam a22001577a 4500 | ||
|---|---|---|---|
| 008 | 180718b2000 xxu||||| |||| 00| 0 eng d | ||
| 020 | _a0631221840 | ||
| 082 | _aB1243x54 M348 | ||
| 245 |
_aReligion and democracy _cedited by David Marquand and Ronald L. Nettler |
||
| 260 |
_aOxford _bOxford Univ. Press _c2000 |
||
| 300 | _a145p. | ||
| 650 | _aDemocracy - Religious aspects | ||
| 650 | _aSecularism - India | ||
| 700 | _aNettler, Ronald L. | ||
| 700 | _aMarquand, David | ||
| 999 |
_c394738 _d394738 |
||